000 00554nam a2200205Ia 4500
003 0100
008 130303s9999 xx 000 0 und d
040 _cARRUPELIB
050 _aR724.O61978
100 _aO'Rourke, Kevin D
245 _aMedical Ethics
245 _bSources of Catholic Teachings
260 _aST. Louis, Missouri
260 _bThe Catholic Health Association of the United States
260 _C1978
300 _a335p
650 _bDialectical materialism--Addresses, essays, lectures
700 _aBoyle, Philip
942 0 0 _02
999 _c27545
_d27545